000 00384 a2200169 4500
001 69068
020 _a978850806606
040 _cAnchieta - Itaigara
100 _aAzevedo, Ricardo
240 1 0 _aPobre corinthiano careca
_lpor
245 1 0 _aPobre corinthiano careca
300 _a109
362 0 _a1998
440 1 _aÁtica
650 4 _aLiteratura infanto-juvenil
942 _cBK
999 _c69068
_d69068